Sports Quiz

Random Sports or NBA Quiz

2010-2011 NBA Eastern Starting Lineups Quiz Stats

 Plays Quiz not verified by Sporcle

Score 0/75 Timer 08:00
0 Plays Today
Team Player % Correct
Boston CelticsRajon Rondo
98.4%
Boston CelticsPaul Pierce
98.4%
Boston CelticsRay Allen
98.1%
Boston CelticsKevin Garnett
98%
Miami HeatLeBron James
94.1%
Miami HeatDwyane Wade
93.8%
Boston CelticsJermaine O'neal
93.7%
Miami HeatChris Bosh
93.4%
Orlando MagicDwight Howard
92.2%
Chicago BullsDerrick Rose
92.1%
Cleveland CavaliersMo Williams
91.4%
Atlanta HawksMarvin Williams
91.3%
New Jersey NetsTerrence Williams
91.2%
Atlanta HawksJoe Johnson
89.3%
Toronto RaptorsAmir Johnson
88.9%
Washington WizardsJohn Wall
88.2%
Detroit PistonsBen Wallace
87.9%
Charlotte BobcatsGerald Wallace
87.9%
New Jersey NetsBrook Lopez
87.8%
New York KnicksAmar'e Stoudemire
87.3%
New Jersey NetsDevin Harris
87.1%
Orlando MagicJameer Nelson
86.2%
Chicago BullsJoakim Noah
85.4%
Philadelphia 76ersAndre Iguodala
83%
Indiana PacersDanny Granger
82.6%
Detroit PistonsRichard Hamilton
82.4%
Atlanta HawksJosh Smith
82.1%
Orlando MagicRashard Lewis
80.6%
Milwaukee BucksAndrew Bogut
80.2%
Chicago BullsCarlos Boozer
80%
Orlando MagicVince Carter
79.9%
New York KnicksRaymond Felton
79%
Washington WizardsGilbert Arenas
79%
Milwaukee BucksBrandon Jennings
77.8%
Atlanta HawksMike Bibby
77.3%
Chicago BullsLuol Deng
75.8%
Atlanta HawksAl Horford
73.3%
Detroit PistonsTayshaun Prince
73.1%
Team Player % Correct
Detroit PistonsRodney Stuckey
69.7%
Miami HeatMario Chalmers
68%
Charlotte BobcatsStephen Jackson
65.4%
Philadelphia 76ersElton Brand
65.1%
Toronto RaptorsJose Calderon
64.4%
New York KnicksWilson Chandler
59.3%
Toronto RaptorsAndrea Bargnani
58.1%
New York KnicksDanilo Gallinari
54.3%
Indiana PacersRoy Hibbert
53.3%
Miami HeatJoel Anthony
53.3%
Cleveland CavaliersAnderson Varejao
50.1%
Washington WizardsAndray Blatche
49.8%
Milwaukee BucksJohn Salmons
49.4%
Cleveland CavaliersJ.J. Hickson
49.2%
Philadelphia 76ersJrue Holiday
49.1%
Indiana PacersDarren Collison
47.7%
Charlotte BobcatsD.J. Augustin
47.5%
New Jersey NetsTroy Murphy
47.5%
Philadelphia 76ersThaddeus Young
45.8%
Washington WizardsJavale McGee
40.6%
Toronto RaptorsDeMar DeRozan
37.7%
Cleveland CavaliersAnthony Parker
37.3%
Indiana PacersMike Dunleavy
35.9%
Chicago BullsRonnie Brewer
33.3%
Philadelphia 76ersSpencer Hawes
32.6%
Charlotte BobcatsBoris Diaw
30.9%
Orlando MagicMickael Pietrus
30%
Cleveland CavaliersJamario Moon
27.2%
New Jersey NetsTravis Outlaw
21.8%
Milwaukee BucksDrew Gooden
21.8%
Charlotte BobcatsNazr Mohammed
20.3%
New York KnicksTimofey Mozgov
20.1%
Milwaukee BucksCarlos Delfino
19.5%
Indiana PacersJosh McRoberts
16.6%
Detroit PistonsAustin Daye
13.4%
Washington WizardsAl Thornton
12.8%
Toronto RaptorsLinas Kleiza
12%

You're not logged in!

Compare scores with friends on all Sporcle quizzes.
OR
Log In

Show Comments

Extras

Top Quizzes Today


Score Distribution

Your Account Isn't Verified!

In order to create a playlist on Sporcle, you need to verify the email address you used during registration. Go to your Sporcle Settings to finish the process.

Report this User

Report this user for behavior that violates our Community Guidelines.

Details: